Slavic languages in Europe - Statistics

General Stats
  • This quiz has been taken 1,882 times
  • The average score is 12 of 13
Answer Stats
Country % Correct
9 Russia
96%
10 Serbia
95%
11 Slovakia
95%
12 Slovenia
95%
4 Croatia
94%
13 Ukraine
93%
3 Bulgaria
92%
1 Belarus
91%
8 Poland
91%
6 Macedonia
87%
7 Montenegro
87%
5 Czech Republic
85%
2 Bosnia and Herzegovina
60%
No matching quizzes found
Score Distribution
Percent of People with Each Score
Percentile by Number Answered
Your Score History
You have not taken this quiz